LIBRARY & INFORMATION CENTRE, KCAET, TAVANUR

ONLINE PUBLIC ACCESS CATALOGUE (OPAC)

Normal view MARC view
  • Midhila P K

Entry Personal Name

Number of records used in: 1

001 - CONTROL NUMBER

  • control field: 4271

003 - CONTROL NUMBER IDENTIFIER

  • control field: OSt

005 - DATE AND TIME OF LATEST TRANSACTION

  • control field: 20190807143858.0

008 - FIXED-LENGTH DATA ELEMENTS

  • fixed length control field: 190807|| aca||aabn | a|a d

040 ## - CATALOGING SOURCE

  • Original cataloging agency: OSt
  • Transcribing agency: OSt

100 ## - HEADING--PERSONAL NAME

  • Personal name: Midhila P K

670 ## - SOURCE DATA FOUND

  • Source citation: Work cat.: (OSt): Archana P 4270, Development and performance evalation of garlic bulb breaker cum peeler, 2019
free website counter